000 00484cam a22001457a 4500
008 180718b2012 xxu||||| |||| 00| 0 eng d
020 _a9789381417133
082 _aDx54 B469a
245 _aASEAN India : progress and prosperity documents
_cedited by Avtar Singh Bhasin
260 _aNew Delhi
_bGeetika Publishers
_c2012
300 _a552p.
650 _aSoutheast Asia--Foreign relations--India
650 _aIndia--Foreign relations--Southeast Asia
700 _aBhasin, Avtar Singh
999 _c445524
_d445524